Представление документа в формате RUSMARC

ПолеНазваниеЗначение
  Тип записи c
  Библиографический уровень m
001 Контрольный номер UONB/MAIN/8f2bd05c3a6749ec8613e960d13f6d7a
005 Дата корректировки 20241018162607.0
010 Индекс ISBN __
9 Тираж 1000 экз.
013 Номер (ISMN) __
d Цена 10 к.
071 Издательские номер (звукозапись и ноты) 21
a Номер, присвоенный агентством 6024
100 Данные общей обработки __
a Данные общей обработки 20241018d1969 u y0rusy0189 ca
101 Язык документа 0_
a Язык текста rus
f Язык титульного листа rus
102 Страна публикации __
a Страна публикации RU
105 Кодированные данные (монография) __
a Кодированные данные (монография) y###||||000|y
125 Кодированные данные звукозаписи и нотных изданий __
a Форма изложения нотного текста с|
128 Кодированные данные (звукозаписи-физические характеристики) __
a Кодированные данные: Музыкальная форма и тональность или лад fm
c Инструменты или голоса, рекомендуемые для солистов (устаревшее) vb
200 Заглавие и сведения об ответственности 1_
a Заглавие Русские народные песни
f Первые сведения об ответственности обработка для меццо-сопрано с фортепиано В. Бунина
203 Вид содержания и тип средства __
a Вид содержания Музыка
b Характеристика содержания знаковая
c Тип средства непосредственная
210 Выходные данные 1_
a Место издания Москва
c Издательство Музыка
d Дата издания 1969
215 Физическое описание __
a Объем 7 c.
d Формат 29 см
225 Серия 1_
a Серия Репертуар вокалиста
327 Примечание о содержании 11
a Примечание о содержании Содерж.: Ой, да ты куда, мой милый, отъезжаешь?. - Ой, да не кукуй, кукушечка.
464 Аналитический уровень _0
1 2001
a Ой, да ты куда, мой милый, отъезжаешь?
464 Аналитический уровень _0
1 2001
a Ой, да не кукуй, кукушечка
512 Заглавие обложки 1_
a Заглавие обложки Русские народные песни
606 Тематические рубрики 0_
a Основная рубрика Сольное пение
x Основная подрубрика Русские народные песни
x Основная подрубрика Меццо-сопрано
610 Ключевые слова 0_
a Ключевые слова русские народные песни; сольное пение; меццо-сопрано
686 Индексы других классификаций __
a Классификационный индекс 85.92-42(2Рос)-4
2 Код системы rubbk
686 Индексы других классификаций __
a Классификационный индекс 85.943.2-42-092
700 Автор _1
a Фамилия Бунин
b Имя (инициалы) В. В.
g Полное личное имя Владимир Васильевич
801 Источник записи _0
a Страна RU
b Организация Ульяновская ОНБ
c Дата составления 20241018
g Правила каталогизации RCR
801 Источник записи _1
a Страна RU
b Организация Ульяновская ОНБ
c Дата составления 20241018
g Правила каталогизации RCR
901 Тип документа __
t Тип документа m
909 Создатель записи __
a Создатель записи Никитина Т. А.
b Дата создания записи 20241018